[Event "Ruhrgebiet Bezirksliga 16/17"]
[Site "Ruhrgebiet"]
[Date "2016.10.09"]
[Round "3.8"]
[White "Boese, Marc"]
[Black "Rau, John"]
[Result "1-0"]
[WhiteElo "1508"]
[BlackElo "1379"]
[PlyCount "117"]
[EventDate "2016.08.28"]
[EventType "team-tourn"]
[EventRounds "11"]
[EventCountry "GER"]
[SourceTitle "EXT 2022"]
[Source "ChessBase"]
[SourceDate "2021.10.06"]
[SourceVersion "1"]
[SourceVersionDate "2021.10.06"]
[SourceQuality "1"]
[WhiteTeam "Hamm SG Caissa"]
[BlackTeam "Hamm SV II"]
[WhiteTeamCountry "GER"]
[BlackTeamCountry "GER"]

1. c4 e5 2. Nc3 Nc6 3. d3 Bc5 4. Nf3 d6 5. g3 Nge7 6. Bg2 0-0 7. 0-0 Re8 8. e3 Bg4 9. Qc2 Qd7 10. a3 a6 11. b4 Ba7 12. Bb2 Rad8 13. Rfe1 f6 14. Nd2 Nf5 15. h3 Nxe3 16. fxe3 Bxh3 17. Nde4 Bxg2 18. Qxg2 f5 19. Nf2 Re6 20. Nd5 Ne7 21. Re2 Nxd5 22. cxd5 Rg6 23. d4 Qb5 24. Rae1 e4 25. Nh3 Rf6 26. Nf4 h6 27. Rc2 Rd7 28. Rec1 Bb6 29. Qe2 Qxe2 30. Rxe2 g5 31. Ng2 Kg7 32. Rf2 Rdf7 33. Rcf1 Kg6 34. Bc3 c6 35. dxc6 bxc6 36. d5 cxd5 37. Bxf6 Rxf6 38. Rd2 f4 39. gxf4 gxf4 40. Rxf4 Bxe3+ 41. Nxe3 Rxf4 42. Nxd5 Rf3 43. Re2 Kf5 44. Rf2 Rxf2 45. Kxf2 h5 46. Ne3+ Ke6 47. Ke2 d5 48. Ng2 d4 49. Nf4+ Ke5 50. Nxh5 d3+ 51. Ke3 Kd5 52. Ng3 Kc4 53. Nxe4 Kb3 54. Nc5+ Kxa3 55. Nxa6 Ka4 56. Kxd3 Kb5 57. Kd4 Kxa6 58. Kc5 Kb7 59. Kb5 1-0